000 00801nab a2200241u 4500
001 23090
003 HDC
007 c| |||a|c|aaaa
008 210315b20170804my ||||| |||| 00| 0 may d
040 _aHDC
100 _aSofyan Rizal Ishak /
_eauthor
_98392
245 0 _aPrestasi positif /
_cSofyan Rizal Ishak
336 _atext
_2rdacontent
337 _acomputer
_2rdamedia
338 _aonline resource
_2rdacarrier
650 _aCredit Guarantee Corporation (CGC)
_919838
650 _asmall and medium enterprises (SME)
_97657
710 _aBERITA HARIAN
856 _zRequest full-text at [email protected]
942 _2lcc
942 _cNEWS
942 _kNWSC 005072
999 _c20406
_d20406